| 000 | 00733cam a2200205 4500 | ||
|---|---|---|---|
| 001 | J118353 | ||
| 008 | 000000n2001 000 0 eng u | ||
| 035 | _a(Sirsi) u118353 | ||
| 050 | _a690.25 | ||
| 110 |
_aIPD Occupiers Property Databank _94259 |
||
| 245 | _aOPD international total occupancy cost code | ||
| 260 |
_aLondon _bIPD _c2001 |
||
| 300 |
_av,35p. _c30cm. |
||
| 520 | _aBuilds on the "OPD total occupancy cost code" to provide an accepted global set of cost definitions and measurement standards in relation to the occupation of property. | ||
| 650 | _aOCCUPANCY COSTS | ||
| 650 | _aCORPORATE PROPERTY | ||
| 690 | _aBUILT ENVIRONMENT-BUILDING COSTS | ||
| 710 |
_aInvestment Property Databank _92288 |
||
| 942 | _n0 | ||
| 999 |
_c102134 _d102134 |
||